000 00834nam a22002897a 4500
001 0001764
003 KOHA_MİRAKIL
005 20260207001252.0
007 ta
008 090216b2005 tu |||gr||||#||||0|tur |
020 _a9758778757
_c25,69
040 _aTR-BiSEU
_btur
_cTR-BiSEU
_erda
041 0 _atur
044 _ctu
050 _aRA784
_b.G64 2005
100 1 _aGöğüş, Uğur.
245 1 _aSağlık için doğru gıda/
_cUğur Göğüş ; Uğur Göğüş.
264 1 _aAnkara :
_bPelikan Yayınları
_c2005
300 _aIX, 398 sayfa: resimli
336 _ametin
_btxt
_2rdacontent
337 _aaracısız
_bn
_2rdamedia
338 _acilt
_bnc
_2rdacarrier
650 0 _aBeslenme.
_91530
650 0 _aGıda maddeleri--Sağlıksal yönler.
_95348
650 0 _aŞifalı bitkiler.
_95349
942 _2lcc
_cBK
999 _c1751
_d1751